[Event "ICS rated blitz match"]
[Site "207.99.83.227"]
[Date "1999.04.03"]
[Round "?"]
[White "Hossa"]
[Black "inmichess"]
[Result "0-1"]
[WhiteElo "2489"]
[BlackElo "2308"]
[Annotator "Crafty v16.6"]
[PlyCount "101"]

{annotating for player Hossa using a scoring margin of +0.10 pawns. search
time limit is 20.00} 1. e4 1... e5 2. Nf3 Nc6 3. Bc4 Nf6 4. Ng5 Bc5 5. Nxf7
Bxf2+ 6. Kf1 Qe7 7. Nxh8 Bc5 8. Nc3 ({8:+3.29} 8. Nc3 8... Qf8 9. Nb5 Bb6 10.
Nf7 d5 11. Nxa7 11... Nxa7 $18) ({8:+4.04} 8. d3 $18) 8... Qf8 9. Nf7 d5 10.
exd5 ({9:+2.10} 10. exd5 10... Qxf7 11. dxc6 Qxc4+ 12. d3 Qd4 13. Qe1 bxc6 14.
Ne4 Nxe4 15. dxe4 $18) ({9:+2.37} 10. Nxd5 10... Qxf7 11. Qf3 Nd4 12. Nxf6+
Qxf6 13. Qxf6 gxf6 14. Bb3 f5 15. d3 15... Bd7 $18) 10... Qxf7 11. dxc6 Qxc4+
12. d3 Qd4 13. Qf3 ({9:+2.03} 13. Qf3 13... Bg4 14. Nb5 Bxf3 15. Nxd4 exd4 16.
gxf3 bxc6 17. Ke2 $18) ({9:+2.18} 13. Qe1 13... bxc6 14. Qg3 Kf8 15. Ne2 Qd5
16. c4 Qd6 17. Bg5 $18) 13... Bg4 14. Qg3 Nh5 15. Qe1 O-O-O 16. cxb7+ Kb8 17.
Qd2 Rf8+ 18. Ke1 Rf2 19. Qe3 Qxe3+ 20. Bxe3 Bxe3 21. Nd5 Rxc2 22. Nxe3 Re2+ 23.
Kf1 ({12:-2.61} 23. Kf1 23... Rxe3 24. h3 Be6 25. Rd1 Nf4 26. d4 Kxb7 27. dxe5
Rxe5 28. Rd4 Ne2 29. Rd3 $19) ({12:-2.06} 23. Kd1 23... Rxe3+ 24. Kd2 Re2+ 25.
Kc3 Kxb7 26. g3 Nf6 27. Rae1 Nd5+ 28. Kb3 Rd2 29. Rxe5 Bf3 30. Rhe1 30... Rxd3+
$19) 23... Rxe3 24. h3 ({11:-2.84} 24. h3 24... Be6 25. Rd1 Nf4 26. d4 Bxa2 27.
dxe5 Rxe5 28. Kf2 Kxb7 29. Rd7 Re2+ 30. Kf3 $19) ({11:-2.61} 24. Re1 24... Rxd3
25. Rxe5 Rd2 26. Re4 Rxb2 27. Rxg4 Rb1+ 28. Ke2 Rxh1 29. Rh4 29... Nf6 $19)
24... Bd7 25. Rd1 Nf4 26. d4 Bc6 27. Rg1 exd4 28. Rxd4 Nd3 29. Rxd3 Rxd3 30.
Ke2 Bb5 31. Ke1 Kxb7 32. h4 g6 33. g3 a5 34. Rg2 a4 35. Rg1 Bc4 36. a3 Bd5 37.
g4 Rb3 38. Rf1 Rxb2 39. Rf4 Bb3 40. Re4 Rh2 41. g5 Kc6 42. Rb4 Ra2 43. Rb8 Rxa3
44. Kf1 Ra2 45. Kg1 Rc2 46. Ra8 Rc4 47. Kh2 Rxh4+ 48. Kg3 Rd4 49. Rh8 a3 50.
Ra8 Ba4 51. Rf8 0-1

[Event "ICS rated bullet match"]
[Site "207.99.83.227"]
[Date "1999.04.03"]
[Round "?"]
[White "Hossa"]
[Black "DrunkQueen"]
[Result "0-1"]
[WhiteElo "2461"]
[BlackElo "2522"]
[Annotator "Crafty v16.6"]
[PlyCount "94"]

{annotating for player Hossa using a scoring margin of +0.10 pawns. search
time limit is 20.00} 1. e4 1... c5 2. Bc4 Nc6 3. a3 ({8:-0.28} 3. a3 3... Nf6
4. Nc3 Na5 5. Be2 e5 6. Nf3 6... Bd6 $10) ({8:+0.03} 3. Nf3 3... e5 4. Nc3 d6
5. Nb5 Bg4 6. h3 6... Na5 $10) 3... Nf6 4. Nc3 e6 5. Nf3 Nxe4 6. Nxe4 d5 7. Bd3
({10:-0.41} 7. Bd3 7... c4 8. Bxc4 dxe4 9. Ng1 Bc5 10. Ne2 O-O 11. O-O 11...
Qh4 $15) ({10:-0.05} 7. Qe2 7... dxc4 8. Qxc4 Qd5 9. Qxd5 exd5 10. Nc3 Bg4 11.
Nxd5 O-O-O 12. c4 Bxf3 13. gxf3 $10) 7... c4 8. Bxc4 dxe4 9. Ng1 Bc5 10. Ne2 ({
8:-1.18} 10. Ne2 10... Qh4 11. g3 Bxf2+ 12. Kxf2 e3+ 13. dxe3 Qxc4 14. Qd3
14... Qg4 $17) ({8:-0.53} 10. Qe2 10... Qh4 11. g3 Qf6 12. Nh3 Qd4 13. Ng5
13... Ne5 $15) 10... Qh4 11. O-O e3 12. Bb5 ({9:-2.34} 12. Bb5 12... exf2+ 13.
Kh1 O-O 14. d3 Nd4 15. g3 Qg4 16. Nxd4 Qxd4 17. Qh5 $19) ({9:-1.01} 12. d4
12... exf2+ 13. Rxf2 Nxd4 14. Be3 Nf3+ 15. Rxf3 Qxc4 16. Qd3 Qxd3 17. cxd3 Bd6
18. Rc1 $17) 12... exf2+ 13. Kh1 O-O 14. Bxc6 bxc6 15. a4 ({9:-3.39} 15. a4
15... Bd6 16. h3 e5 17. d3 Bxh3 18. Bg5 Qxg5 19. gxh3 $19) ({9:-2.24} 15. Ng3
15... Rd8 16. Qe2 Rd5 17. Qe4 Rd4 18. Qxh4 Rxh4 19. d3 19... Bb7 $19) 15... Bd6
16. h3 e5 17. Nf4 ({8:-5.88} 17. Nf4 17... Qxf4 18. d3 Qd4 19. Qf3 Bc5 20. Qxc6
20... Bf5 $19) ({8:-5.58} 17. b3 17... Bxh3 18. Rxf2 Qxf2 19. gxh3 Qf3+ 20. Kg1
Qxh3 21. Ba3 Bxa3 22. Rxa3 $19) 17... Qxf4 18. d3 Qg3 19. Qf3 Qxf3 20. gxf3 Bc5
21. Kh2 Rb8 22. b3 Re8 23. Ba3 ({10:-6.17} 23. Ba3 23... Bd4 24. Bd6 Rb7 25.
Rab1 Rd8 26. Ba3 Bf5 27. Bb2 Bxb2 28. Rxb2 $19) ({10:-5.89} 23. Bd2 23... Kf8
24. b4 Bxb4 25. Be3 Rb7 26. Rxf2 Bf5 27. Bg5 27... Reb8 $19) 23... Be3 24. Bd6
({10:-5.78} 24. Bd6 24... Rb7 25. b4 Re6 26. Bc5 Bxc5 27. bxc5 Rh6 28. Kg3
Rxh3+ 29. Kg2 Rb2 30. Rxf2 $19) ({10:-5.46} 24. Rad1 24... Re6 25. Bc1 Bd4 26.
Bg5 Kf8 27. Bh4 Rh6 28. Bxf2 Rxh3+ 29. Kg2 $19) 24... Rb7 25. Ba3 f6 26. h4 Bf5
27. Rad1 Kf7 28. Bc1 Bd4 29. h5 ({9:-5.74} 29. h5 29... g6 30. hxg6+ Kxg6 31.
Kg2 Rg8 32. Rxf2 Kf7+ 33. Kf1 Bxf2 34. Kxf2 34... h5 $19) ({9:-5.57} 29. Kg3
29... h5 30. Rxf2 Bxf2+ 31. Kxf2 Rd8 32. Rh1 Ke6 33. Be3 $19) 29... g6 30.
hxg6+ Bxg6 31. Ba3 Bh5 32. Rb1 Bxf3 33. c3 Be3 34. Bc1 Bxc1 35. Rbxc1 Rd8 36.
d4 e4 37. Rxf2 Rxb3 38. Kg3 Rg8+ 39. Kf4 Rg4+ 40. Kf5 Rh4 41. Rxf3 exf3 42. Rf1
Rxc3 43. Rb1 f2 44. Rb7+ Ke8 45. a5 f1=Q+ 46. Ke6 Re4+ 47. Kd6 Qf4# 0-1

[Event "ICS rated blitz match"]
[Site "207.99.83.227"]
[Date "1999.04.03"]
[Round "?"]
[White "ComputoJon"]
[Black "Hossa"]
[Result "0-1"]
[WhiteElo "2285"]
[BlackElo "2465"]
[PlyCount "94"]

1. e4 d6 2. d4 Nf6 3. Nc3 Nbd7 4. Nf3 e5 5. Bc4 exd4 6. Qxd4 Be7 7. Be3 O-O 8.
h3 Nb6 9. Bb3 Be6 10. Bxe6 fxe6 11. O-O-O Qb8 12. e5 Nfd5 13. Nxd5 exd5 14.
exd6 Bxd6 15. Qh4 Qd8 16. Qh5 Qe8 17. Qxe8 Rfxe8 18. Rhe1 c5 19. Bd2 Nc4 20.
Rxe8+ Rxe8 21. Re1 Rxe1+ 22. Nxe1 Kf7 23. b3 Nxd2 24. Kxd2 a5 25. a4 Kf6 26.
Kd3 g5 27. Nf3 Bf4 28. g3 Bd6 29. Nd2 h6 30. Nf1 Be5 31. Ne3 Ke6 32. Ng4 Bd4
33. f3 h5 34. Nh2 Bb2 35. g4 h4 36. Nf1 Bc1 37. Ne3 Bxe3 38. Kxe3 Ke5 39. c3
d4+ 40. cxd4+ cxd4+ 41. Kd3 Kf4 42. Kxd4 Kxf3 43. Kc5 Kg3 44. Kb6 Kxh3 45. Kxb7
Kxg4 46. Ka6 h3 47. Kxa5 47... h2 {ComputoJon resigns} 0-1

[Event "ICS rated blitz match"]
[Site "207.99.83.227"]
[Date "1999.04.03"]
[Round "?"]
[White "Hossa"]
[Black "TDChess"]
[Result "0-1"]
[WhiteElo "2473"]
[BlackElo "2525"]
[Annotator "Crafty v16.6"]
[PlyCount "148"]

{annotating for player Hossa using a scoring margin of +0.10 pawns. search
time limit is 20.00} 1. e4 1... e6 2. d4 d5 3. e5 ({8:-0.14} 3. e5 3... Nc6 4.
Nf3 Bd7 5. Be2 Qe7 6. O-O 6... O-O-O $10) ({8:+0.11} 3. Nc3 3... dxe4 4. Nxe4
Qd5 5. Qd3 Nc6 6. Nf3 Bb4+ 7. c3 7... Ba5 $10) 3... c5 4. c3 ({8:-0.23} 4. c3
4... Nc6 5. dxc5 Nxe5 6. Qd4 Nc6 7. Bb5 7... Nf6 $10) ({8:-0.09} 4. Nf3 4...
Nc6 5. dxc5 Bxc5 6. Nc3 Nge7 7. Bd3 O-O 8. O-O $10) 4... Nc6 5. dxc5 ({8:-0.31
} 5. dxc5 5... Nxe5 6. Be3 Nf6 7. Bd4 Nfg4 8. Bb5+ Bd7 9. Na3 $15) ({8:-0.18} 
5. Nf3 5... cxd4 6. cxd4 Bb4+ 7. Nc3 Nge7 8. Be2 Bxc3+ 9. bxc3 Qa5 10. O-O
10... Qxc3 $10) 5... Nxe5 6. Qd4 Nc6 7. Bb5 Bd7 8. Bxc6 Bxc6 9. Nf3 Qa5 10. Be3
Qb5 11. Qb4 ({9:-0.75} 11. Qb4 11... Qxb4 12. cxb4 a5 13. bxa5 Rxa5 14. Ne5
Bxc5 15. Nxc6 bxc6 16. O-O 16... Nf6 $17) ({9:-0.31} 11. b3 11... Ne7 12. Nh4
Bd7 13. c4 Qb4+ 14. Qd2 Qxd2+ 15. Nxd2 e5 16. cxd5 Nxd5 17. Ne4 Nxe3 18. fxe3
$15) 11... Qxb4 12. cxb4 Nf6 13. O-O Be7 14. Nc3 O-O 15. Rae1 Nh5 16. b5 Be8
17. Bd4 Nf4 18. Ne5 ({9:-0.91} 18. Ne5 18... f6 19. Ng4 Bh5 20. h3 Rfc8 21. b4
f5 22. Ne5 $17) ({9:-0.59} 18. Rd1 18... Ng6 19. Rfe1 Rc8 20. Rc1 Nf4 21. c6
bxc6 22. bxc6 Bxc6 23. Bxa7 $15) 18... f6 19. Nf3 e5 20. Be3 d4 21. Nxd4 exd4
22. Bxf4 Bxc5 23. Ne4 Bb4 24. Rc1 Bxb5 25. Rfd1 Rfd8 26. a3 Bf8 27. Ng3 ({
9:-1.54} 27. Ng3 27... Rd7 28. Nf5 d3 29. Rd2 Rd5 30. Ne3 Rc5 31. Re1 $19) ({
9:-1.37} 27. Rc7 27... Ba6 28. Ng3 d3 29. Nf5 Rac8 30. Ne7+ Bxe7 31. Rxe7 Kf8
32. Rde1 $17) 27... d3 28. Rc7 Bc6 29. Nf5 Rd5 30. Ne7+ Bxe7 31. Rxe7 Re8 32.
Rxe8+ Bxe8 33. Bd2 Bc6 34. b4 h5 35. f4 Bd7 36. Rc1 h4 37. Rc7 Bc6 38. g3 h3
39. Kf2 Rd8 40. b5 Bxb5 41. Rxb7 a6 42. Re7 Rc8 43. g4 Rc2 44. Ke1 Ra2 45. g5
fxg5 46. fxg5 Rxa3 47. g6 Ra1+ 48. Kf2 Rh1 49. Kg3 Rg1+ 50. Kh4 Rxg6 51. Kxh3
Bc6 52. Rc7 Bd5 53. Rc3 Be6+ 54. Kh4 Rg2 55. Rc6 Rxd2 56. Rxe6 Rxh2+ 57. Kg3
Ra2 58. Re8+ Kf7 59. Re1 d2 60. Rf1+ Ke6 61. Kg4 a5 62. Kg5 Ra3 63. Rd1 Rd3 64.
Kf4 Kd5 65. Kg5 a4 66. Kg6 a3 67. Kxg7 a2 68. Kh7 a1=Q 69. Rxa1 d1=Q 70. Ra8
Qh5+ 71. Kg7 Qg4+ 72. Kf6 Rf3+ 73. Ke7 Qg7+ 74. Kd8 Rf8# 0-1

[Event "ICS rated blitz match"]
[Site "207.99.83.227"]
[Date "1999.04.03"]
[Round "?"]
[White "SubHumAns"]
[Black "Hossa"]
[Result "1-0"]
[WhiteElo "2248"]
[BlackElo "2459"]
[Annotator "Crafty v16.6"]
[PlyCount "100"]

{annotating for player Hossa using a scoring margin of +0.10 pawns. search
time limit is 20.00} 1. e4 1... c5 2. d4 cxd4 3. f4 Nc6 4. Nf3 d5 ({8:+0.35} 
4... d5 5. exd5 Qa5+ 6. c3 Qxd5 7. Nxd4 Nxd4 8. Qxd4 Qxd4 9. cxd4 9... Bg4 $15)
({8:+0.68} 4... Qb6 5. Nbd2 d3 6. cxd3 Qe3+ 7. Be2 Qxf4 8. Nc4 8... Qg4 $15) 5.
e5 Bg4 6. Bd3 Qa5+ 7. Bd2 Qb6 8. Bc1 Rc8 ({8:+0.70} 8... Rc8 9. Nbd2 Nh6 10.
Nb3 e6 11. Bd2 Bc5 12. Nxc5 12... Qxc5 $15) ({8:+0.97} 8... f6 9. h3 Bd7 10.
Nbd2 Qc7 11. Qe2 fxe5 12. Nxe5 Nxe5 13. Qxe5 Qxe5+ 14. fxe5 $17) 9. O-O e6 ({
8:+0.63} 9... e6 10. h3 Bxf3 11. Qxf3 Nb4 12. Qf2 Qc5 13. Na3 Nxd3 14. cxd3 $15
) ({8:+0.75} 9... Nh6 10. Qe2 Nb4 11. Na3 Qc5 12. Bb5+ Nc6 13. Qd3 13... Nf5
$17) 10. h3 Bxf3 11. Qxf3 Nh6 12. a3 Be7 13. Nd2 O-O 14. Nb3 a5 15. g4 a4 16.
Nd2 Qd8 17. g5 Bxg5 ({9:+1.09} 17... Bxg5 18. fxg5 Qxg5+ 19. Qg2 Qxg2+ 20. Kxg2
Nxe5 21. Kf2 Nxd3+ 22. cxd3 Rc2 23. Re1 Nf5 24. Re5 $17) ({9:+1.20} 17... Nf5
18. Bxf5 exf5 19. b4 Qd7 20. Qd3 Rfe8 21. b5 Na5 22. b6 $17) 18. fxg5 Qxg5+ 19.
Qg2 Qxg2+ 20. Kxg2 Nxe5 21. Nf3 Nxd3 22. cxd3 Nf5 23. Bf4 Rc2+ ({10:+0.78} 
23... Rc2+ 24. Rf2 Rxf2+ 25. Kxf2 f6 26. Bc7 e5 27. Nd2 Rc8 28. Rc1 Kf7 29. Rc5
29... Ne3 $17) ({10:+1.42} 23... f6 24. Rae1 e5 25. Bc1 Rc2+ 26. Rf2 Rfc8 27.
Rxc2 Rxc2+ 28. Nd2 Ne3+ 29. Kf3 29... Kf7 $17) 24. Rf2 Rxf2+ 25. Kxf2 f6 26.
Rc1 e5 27. Bd2 e4 28. Bb4 exf3 ({10:+0.25} 28... exf3 29. Bxf8 Kxf8 30. Rc8+
Ke7 31. Rc7+ Kd6 32. Rxb7 Ke5 33. Ra7 Kf4 34. Rxa4 34... g6 $10) ({10:+1.35} 
28... Rb8 29. Ne1 b6 30. Rc7 Re8 31. Rb7 $17) 29. Bxf8 Kxf8 30. Rc7 b6 ({
12:-0.54} 30... b6 31. Rb7 Ne3 32. Rxb6 Ng2 33. Kxf3 Ne1+ 34. Ke2 Ng2 35. Ra6
Nf4+ 36. Kd2 Nxh3 37. Rxa4 $14) ({12:-0.02} 30... b5 31. Rc5 b4 32. axb4 Ke7
33. Kxf3 Ke6 34. Ra5 Ne3 35. Ra7 g6 36. Rxh7 $10) 31. Rb7 Ne7 32. Rxb6 Ng6 33.
Kxf3 Ne5+ 34. Ke2 Ng6 35. Ra6 Nf4+ 36. Kd2 Nxh3 37. Rxa4 Ng5 38. Ra7 f5 39. a4
f4 40. a5 f3 41. a6 f2 42. Ke2 Ke8 43. Rxg7 Ne6 44. a7 Nxg7 45. a8=Q+ Ke7 46.
Kxf2 Kf6 47. Qxd5 Nf5 48. Qc6+ Kg5 49. Qg2+ Kf6 50. Qh3 Kg6 1-0

[Event "ICS rated blitz match"]
[Site "207.99.83.227"]
[Date "1999.04.03"]
[Round "?"]
[White "Hossa"]
[Black "jahg"]
[Result "1/2-1/2"]
[WhiteElo "2434"]
[BlackElo "2231"]
[PlyCount "152"]

1. e4 c5 2. Bc4 e6 3. Nc3 a6 4. a4 d6 5. Nf3 Nf6 6. d4 cxd4 7. Nxd4 Be7 8. O-O
O-O 9. a5 Nc6 10. Nxc6 bxc6 11. Be3 d5 12. exd5 cxd5 13. Bb3 Bb7 14. Qf3 Qd7
15. Rad1 d4 16. Qh3 e5 17. Qxd7 Nxd7 18. Bd5 Nc5 19. Bxb7 Nxb7 20. Nd5 Bc5 21.
Bg5 f6 22. Bd2 Rac8 23. c4 dxc3 24. Bxc3 Rfd8 25. g3 Kf7 26. Rfe1 Ke6 27. Nf4+
Kf7 28. Ne2 Nd6 29. Nc1 Nb5 30. Rxd8 Rxd8 31. Kg2 Nxc3 32. bxc3 Rd2 33. Re2 Rd1
34. Nb3 Ba7 35. Rd2 Rxd2 36. Nxd2 Ke6 37. c4 Kd6 38. Ne4+ Kc6 39. g4 Bc5 40.
Nd2 Bb4 41. Nb3 Bc3 42. Kf3 g6 43. Ke4 h6 44. f3 Bb4 45. h3 Bc5 46. f4 exf4 47.
Kxf4 Bf2 48. Kf3 Bg1 49. Ke4 Bc5 50. Nc1 Bb4 51. Nb3 Bc3 52. Kd3 Be1 53. Nd2
Bxd2 54. Kxd2 Kc5 55. Kc3 f5 56. gxf5 gxf5 57. h4 f4 58. h5 f3 59. Kd3 f2 60.
Ke2 f1=Q+ 61. Kxf1 Kxc4 62. Ke2 Kb5 63. Kd3 Kxa5 64. Kc4 Kb6 65. Kb4 Kc6 66.
Ka5 Kd5 67. Kxa6 Ke5 68. Kb6 Kf5 69. Kc5 Kg5 70. Kd4 Kxh5 71. Ke3 Kg4 72. Kf2
h5 73. Kg2 h4 74. Kh2 h3 75. Kg1 Kg3 76. Kh1 76... h2 {Hossa stalemated}
1/2-1/2

[Event "ICS Rated blitz match"]
[Site "207.99.83.227"]
[Date "1999.04.04"]
[Round "?"]
[White "Hossa"]
[Black "j724"]
[Result "1/2-1/2"]
[WhiteElo "2426"]
[BlackElo "2203"]
[PlyCount "134"]

1. e4 d6 2. d4 Nf6 3. Nc3 g6 4. Be2 Bg7 5. Nf3 O-O 6. Bg5 h6 7. Bxf6 Bxf6 8.
O-O c6 9. e5 dxe5 10. dxe5 Bg7 11. Qxd8 Rxd8 12. Ne4 Bg4 13. Nc5 b6 14. Nd3 Nd7
15. Rfe1 Rac8 16. Rad1 c5 17. c4 Nf8 18. b3 Ne6 19. Kh1 Bf5 20. Rf1 Nd4 21.
Nxd4 Rxd4 22. f4 Rcd8 23. Nc1 Be4 24. Rde1 Bb7 25. e6 f5 26. Bf3 Bxf3 27. Rxf3
Rd1 28. Rff1 Rxe1 29. Rxe1 Bc3 30. Rf1 Rd2 31. h4 Kg7 32. Kh2 Kf6 33. Rf3 Bd4
34. Rd3 Rxd3 35. Nxd3 Kxe6 36. Kg3 h5 37. a3 Kd6 38. b4 e5 39. bxc5+ bxc5 40.
fxe5+ Bxe5+ 41. Kf3 Bf6 42. Nf4 Bxh4 43. Nxg6 Bg5 44. Nf4 h4 45. Nd5 Ke5 46.
Nc7 Bc1 47. Nb5 a6 48. Nc7 Bxa3 49. Nxa6 Kd4 50. Kf4 Bc1+ 51. Kxf5 Kxc4 52. Kg4
Kb5 53. Nc7+ Kc6 54. Ne6 c4 55. Nd4+ Kd5 56. Nc2 Ke4 57. Kxh4 Kd3 58. Nb4+ Kd2
59. g4 Ba3 60. Nc6 c3 61. g5 Bc5 62. Na5 c2 63. Nb3+ Kc3 64. g6 Kxb3 65. g7
c1=Q 66. g8=Q+ Qc4+ 67. Qxc4+ 67... Kxc4 {
Game drawn because neither player has mating material} 1/2-1/2

[Event "ICS rated blitz match"]
[Site "207.99.83.227"]
[Date "1999.04.04"]
[Round "?"]
[White "j724"]
[Black "Hossa"]
[Result "1-0"]
[WhiteElo "2212"]
[BlackElo "2417"]
[Annotator "Crafty v16.6"]
[PlyCount "118"]

{annotating for player Hossa using a scoring margin of +0.10 pawns. search
time limit is 20.00} 1. d4 1... Nf6 2. Nf3 e6 3. Bf4 Bb4+ 4. c3 Be7 5. Nbd2 Nh5
6. Bg3 O-O 7. e4 d6 8. Bd3 Nd7 9. Qe2 c5 10. O-O Nxg3 11. hxg3 Rb8 ({8:+0.41} 
11... Rb8 12. e5 dxe5 13. dxe5 Re8 14. Qe4 Nf8 15. Rad1 15... Ng6 $15) ({
8:+0.61} 11... cxd4 12. cxd4 Nb6 13. Nc4 Nxc4 14. Bxc4 Bd7 15. d5 exd5 16. Bxd5
16... Rb8 $15) 12. Rac1 Bg5 ({9:+0.19} 12... Bg5 13. e5 dxe5 14. dxe5 Bh6 15.
Qe4 g6 16. Bc4 Bg7 17. Rcd1 $10) ({9:+0.50} 12... e5 13. Rfe1 exd4 14. cxd4
cxd4 15. Nxd4 Ne5 16. Nf5 Bxf5 17. exf5 Re8 18. Bc4 $15) 13. Nxg5 Qxg5 14. Nf3
Qg4 ({9:+0.06} 14... Qg4 15. e5 d5 16. Nh4 Qg5 17. Qe3 Qe7 18. Qf4 18... Rd8
$10) ({9:+0.19} 14... Qe7 15. e5 dxe5 16. Nxe5 Nf6 17. Qe3 cxd4 18. Qxd4 Ra8
19. Rfd1 19... Rd8 $10) 15. Bb1 b5 16. Qd3 c4 17. Qc2 Rb6 18. Rcd1 Bb7 19. Rfe1
Bc6 ({8:-0.88} 19... Bc6 20. d5 Bb7 21. dxe6 Qxe6 22. e5 g6 23. exd6 23... Qg4
$16) ({8:+0.31} 19... Rd8 20. e5 Nf8 21. Qe2 a5 22. Nd2 Qxe2 23. Rxe2 dxe5 24.
Rxe5 $15) 20. d5 Bb7 21. e5 Qg6 ({9:-1.42} 21... Qg6 22. Qxg6 hxg6 23. dxe6
fxe6 24. Rxd6 Nxe5 25. Rxb6 Nxf3+ 26. gxf3 axb6 27. Rxe6 27... Rf6 $16) ({
9:-1.00} 21... Qh5 22. dxe6 Bxf3 23. Rxd6 Bg4 24. exd7 Rd8 25. Rxb6 axb6 26. e6
26... Bxe6 $16) 22. Qxg6 fxg6 ({11:-1.90} 22... fxg6 23. dxe6 Bxf3 24. Rxd6
Rxd6 25. exd6 Bc6 26. exd7 Bxd7 27. Re7 Rf7 28. Rxf7 Kxf7 29. Be4 $18) ({
11:-1.51} 22... hxg6 23. dxe6 fxe6 24. exd6 Bd5 25. Ng5 Rxd6 26. Bxg6 Nc5 27.
Re5 Rf6 28. Be8 $18) 23. dxe6 Nxe5 24. Nxe5 dxe5 25. e7 Re8 26. Rxe5 Kf7 27.
Rd7 Bc8 28. Rxa7 Rd6 ({10:-1.74} 28... Rd6 29. Kh2 Bd7 30. a4 bxa4 31. Ba2 Kf6
32. f4 Rxe7 33. Rxe7 Kxe7 34. Bxc4 $18) ({10:-1.48} 28... Be6 29. Re4 Rxe7 30.
Rf4+ Ke8 31. Ra8+ Kd7 32. Rd4+ Kc7 33. Be4 Rd7 34. Ra7+ Kd8 35. Bb7 $16) 29.
Be4 Bd7 30. Kf1 Rxe7 31. Rxe7+ Kxe7 32. Ke2 Kf6 33. Rc7 h5 34. Ke3 g5 35. a4
bxa4 36. Rxc4 Rb6 37. Rb4 Rxb4 38. cxb4 Ke5 39. f4+ Kf6 40. Kd4 gxf4 41. gxf4
g5 42. fxg5+ Kxg5 43. Kc5 Kf4 44. Bc6 Bc8 45. b5 Ke3 46. b6 Kd2 47. Bxa4 h4 48.
Bc6 Ke2 49. b7 Bxb7 50. Bxb7 Ke3 51. b4 Kf4 52. b5 Ke3 53. b6 Kd3 54. Bd5 Ke3
55. b7 Kf2 56. b8=Q Ke3 57. Qe5+ Kf2 58. Qf4+ Kg1 59. Qxh4 Kf1 1-0

[Event "ICS rated blitz match"]
[Site "207.99.83.227"]
[Date "1999.04.04"]
[Round "?"]
[White "klovering"]
[Black "Hossa"]
[Result "1-0"]
[WhiteElo "2295"]
[BlackElo "2393"]
[Annotator "Crafty v16.6"]
[PlyCount "88"]

{annotating for player Hossa using a scoring margin of +0.10 pawns. search
time limit is 20.00} 1. c4 1... e5 2. Nc3 Nf6 3. g3 Bd6 ({9:-0.03} 3... Bd6 4.
Nf3 Nc6 5. Bg2 O-O 6. O-O Bc5 7. Ng5 7... Nd4 $10) ({9:+0.08} 3... Nc6 4. Bg2
Bc5 5. Nf3 e4 6. Nh4 Ne5 7. O-O 7... O-O $10) 4. e3 O-O ({9:+0.03} 4... O-O 5.
e4 Bb4 6. d3 c6 7. f4 exf4 8. Bxf4 b5 9. Qb3 $10) ({9:+0.21} 4... Nc6 5. d3 Bb4
6. e4 d6 7. Nf3 Bg4 8. h3 8... Be6 $10) 5. Nf3 Nc6 6. a3 Be7 7. d4 d6 ({8:+0.31
} 7... d6 8. d5 Nb8 9. Bg2 e4 10. Ng5 Nxd5 11. Qxd5 Bxg5 12. Bxe4 $15) ({
8:+0.77} 7... exd4 8. Nxd4 Nxd4 9. Qxd4 c5 10. Qe5 d6 11. Qf4 d5 12. Bd2 dxc4
13. Bxc4 $17) 8. Bg2 Bg4 ({8:+0.53} 8... Bg4 9. Ne2 Qc8 10. O-O exd4 11. exd4
Na5 12. Qd3 12... Bh3 $15) ({8:+0.67} 8... exd4 9. exd4 Na5 10. Qa4 c6 11. O-O
Be6 12. b3 12... Ng4 $15) 9. h3 exd4 ({10:+0.31} 9... exd4 10. hxg4 dxc3 11. g5
cxb2 12. Bxb2 Nd7 13. Nd4 Bxg5 14. Qh5 Bh6 15. Nxc6 bxc6 16. Bxc6 $15) ({
10:+0.48} 9... Bxf3 10. Bxf3 exd4 11. exd4 Qd7 12. Qd3 Na5 13. Bf4 Nb3 14. Rd1
c6 15. Kf1 $15) 10. exd4 Bxf3 11. Bxf3 Qd7 12. Be3 Na5 13. Qd3 Nb3 ({8:-0.30} 
13... Nb3 14. Rd1 Rfe8 15. Bxb7 Rad8 16. Bf3 c5 17. dxc5 17... Nxc5 $10) ({
8:+0.12} 13... c5 14. dxc5 dxc5 15. Qxd7 Nxd7 16. Nd5 Bd6 17. Be2 Ne5 18. Rc1
$10) 14. Rd1 Na5 15. Bg2 Rfe8 16. O-O Rad8 ({9:-0.77} 16... Rad8 17. d5 Nb3 18.
Nb5 Nc5 19. Bxc5 dxc5 20. Nxa7 c6 21. Rfe1 $16) ({9:-0.56} 16... Nc6 17. Rfe1
Rab8 18. b4 a6 19. b5 axb5 20. cxb5 Na5 21. d5 $14) 17. b4 Nc6 18. f4 Ra8 19.
d5 Nd8 20. g4 a5 21. g5 Nh5 22. Kh2 axb4 ({9:-0.86} 22... axb4 23. axb4 g6 24.
Bf3 Ng7 25. Bg4 Nf5 26. Bxf5 gxf5 27. Rfe1 27... c6 $16) ({9:-0.75} 22... g6
23. Bf3 Bf8 24. Bxh5 gxh5 25. Rfe1 h6 26. Rg1 axb4 27. gxh6+ 27... Kh8 $16) 23.
axb4 Bf8 24. Bf3 g6 25. Bg4 Qe7 26. Rde1 Bg7 27. Bf2 Qf8 28. Rxe8 Qxe8 29. Re1
Qf8 30. Bxh5 gxh5 ({9:-2.12} 30... gxh5 31. Nb5 c6 32. Nc7 Ra2 33. Re8 Rxf2+
34. Kg3 Qxe8 35. Nxe8 $18) ({9:-1.59} 30... Ra3 31. Bd4 gxh5 32. Bxg7 Kxg7 33.
Qd4+ Kg8 34. Ne4 Ra2+ 35. Kg3 Ra3+ 36. Re3 36... Rxe3+ $18) 31. Bd4 Bxd4 32.
Qxd4 f5 33. gxf6 Nf7 34. Rg1+ Kh8 35. Rg7 Re8 36. Qd1 Nh6 37. Qb1 Qxg7 38.
fxg7+ Kxg7 39. Qg1+ Kf8 40. Qa7 Kg8 41. Qxb7 Re7 42. Qc8+ Kg7 43. Nb5 Ng8 44.
Nxc7 Kh8 1-0

[Event "ICS rated blitz match"]
[Site "207.99.83.227"]
[Date "1999.04.04"]
[Round "?"]
[White "Hossa"]
[Black "prometeus"]
[Result "1-0"]
[WhiteElo "2385"]
[BlackElo "2112"]
[PlyCount "59"]

1. e4 d6 2. d4 Nd7 3. Bg5 h6 4. Be3 e5 5. Nf3 Ngf6 6. Bd3 Be7 7. O-O O-O 8. Nc3
c6 9. Rc1 Re8 10. Qe1 Qc7 11. Rd1 Nf8 12. dxe5 dxe5 13. Bc4 Be6 14. Qe2 Bc8 15.
a3 Ng6 16. Kh1 b5 17. Bb3 Bd7 18. a4 b4 19. Nb1 Qc8 20. Nbd2 Bg4 21. Nc4 Qc7
22. Rfe1 Nh4 23. Ncxe5 Bd6 24. Nxf7 Nxf3 25. Nxd6+ Be6 26. Qxf3 Re7 27. Bf4
Bxb3 28. Nf5 Qb7 29. Nxe7+ Qxe7 30. Qxb3+ {prometeus resigns} 1-0

[Event "ICS rated blitz match"]
[Site "207.99.83.227"]
[Date "1999.04.04"]
[Round "?"]
[White "prometeus"]
[Black "Hossa"]
[Result "0-1"]
[WhiteElo "2106"]
[BlackElo "2391"]
[PlyCount "144"]

1. e4 e5 2. Nf3 Nc6 3. Nc3 Bb4 4. Bd3 Nf6 5. O-O O-O 6. Ne2 d6 7. Ng3 Bg4 8. c3
Bxf3 9. Qxf3 Bc5 10. Nf5 d5 11. Bc2 Nxe4 12. Bxe4 dxe4 13. Qxe4 Rb8 14. d3 Qf6
15. h4 Rbe8 16. Bg5 Qe6 17. Be3 Bxe3 18. fxe3 Rd8 19. d4 Rfe8 20. Qg4 Qg6 21.
Qxg6 fxg6 22. Ng3 exd4 23. exd4 Na5 24. b3 Re3 25. Rf3 Rxf3 26. gxf3 Rf8 27.
Kg2 Rf4 28. h5 gxh5 29. Nxh5 Rf7 30. Ng3 Nc6 31. Re1 Ne7 32. c4 Ng6 33. Re8+
Rf8 34. Rxf8+ Kxf8 35. Ne2 Nh4+ 36. Kg3 Nf5+ 37. Kf4 g6 38. a4 Kf7 39. b4 h5
40. d5 Kf6 41. a5 g5+ 42. Ke4 h4 43. Ng1 Nd6+ 44. Kd4 b5 45. axb6 axb6 46. c5
Nf5+ 47. Kc4 bxc5 48. bxc5 Ke5 49. Nh3 Ne3+ 50. Kb5 Kxd5 51. Nxg5 Nf5 52. Nh3
Nd4+ 53. Kb4 Nxf3 54. Kb5 Nd4+ 55. Kb4 Ne6 56. c6 Ke4 57. Kb5 Kf3 58. Ka6 Kg2
59. Kb7 Kxh3 60. Kc8 Kg4 61. Kd7 Nd4 62. Kxc7 Kf4 63. Kd7 Nxc6 64. Kxc6 Ke5 65.
Kc5 h3 66. Kc4 h2 67. Kd3 h1=Q 68. Ke3 Qd1 69. Kf2 Kf4 70. Kg2 Qe1 71. Kh2 Kf3
72. Kh3 72... Qh1# {prometeus checkmated} 0-1

[Event "ICS rated blitz match"]
[Site "207.99.83.227"]
[Date "1999.04.04"]
[Round "?"]
[White "Hossa"]
[Black "Halo"]
[Result "1-0"]
[WhiteElo "2396"]
[BlackElo "2137"]
[PlyCount "53"]

1. e4 e6 2. d4 d5 3. e5 c5 4. c3 Nc6 5. Nf3 Bd7 6. Be2 f6 7. exf6 Nxf6 8. O-O
cxd4 9. Nxd4 Bd6 10. Bh5+ Kf8 11. Nxc6 bxc6 12. Re1 g6 13. Bf3 Kg7 14. Qd2 h5
15. Qg5 Be7 16. Qe5 Qb8 17. Qf4 Qxf4 18. Bxf4 Rhf8 19. Be5 Kh7 20. Nd2 Ne8 21.
Rad1 Bd6 22. Nc4 Bc5 23. Bg3 Nf6 24. Ne5 Rac8 25. b4 Bb6 26. Nxd7 Nxd7 27. Rxe6
{Halo resigns} 1-0